Project Runway Season 5 - Statistics

General Stats
  • This quiz has been taken 112 times
  • The average score is 11 of 16
Answer Stats
Place Finished Designer % Correct
3rd place Kenley Collins
100%
Runner Up Korto Momolu
100%
Winner Leanne Marshall
100%
8th place Blayne Walsh
67%
11th place Daniel Feld
67%
14th place Emily Brandle
67%
4th place Jerell Scott
67%
9th place Stella Zotis
67%
5th place Stephen "Suede" Baum
67%
7th place Terri Stevens
67%
13th place Jennifer Diederich
50%
16th place Jerry Tam
50%
6th place Joe Faris
50%
10th place Keith Bryce
50%
12th place Kelli Martin
50%
15th place Wesley Nault
50%
No matching quizzes found
Score Distribution
Percent of People with Each Score
Percentile by Number Answered
Your Score History
You have not taken this quiz